Lego Set Quiz - Statistics

General Stats
  • This quiz has been taken 39 times
    38 since last reset
  • The average score is 7 of 15
Answer Stats
Question Answer % Correct
Where was Lego founded? Denmark
83%
What is the longest Lego set ever released? The Titanic
72%
What is the most expensive Lego set ever to be released Star Wars Death Star (2025)
67%
Where Lego bricks always plastic No
64%
How many minifigures are included in the 2025 Death Star? 38
56%
Who was the founder of Lego Ole Kirk Kristiansen
50%
what is the smallest BUILDABLE Lego set ever? Force Awakens C-3P0 polybag
47%
The World Art Map Lego set had how many pieces? 11695
44%
How tall is the Lego Eiffel Tower? 149 cm (58.5 in)
39%
When was the first modern minifigure released? 1978
33%
What was the first Lego Star Wars set ever released? X-Wing
25%
What is Lego's primary motto? Only the best is good enough
22%
How many minifigures are included in the Lord of the Rings Rivendell? 15
17%
When did Lego get its official name 1934
17%
When was the first Marvel Lego set released? 2012
14%
No matching quizzes found
Score Distribution
Percent of People with Each Score
Percentile by Number Answered
Your Score History
You have not taken this quiz since the last reset